000 00277nam a2200121Ia 4500
008 191201s2009 xx 000 0 und d
100 _aJAIN, R K
245 0 _aRetail Management
260 _aN.Delhi
_bVayu Edu. India
_c2009
300 _a342
650 _aMBA
942 _2ddc
_cBK
999 _c4081
_d4081